Normal view
MARC view
- اعجاز القران - القران - اللغة العربية - البلاغة
Entry Topical Term
001 - CONTROL NUMBER
- control field: 17319
003 - CONTROL NUMBER IDENTIFIER
- control field: JO-AjAnu
005 - DATE AND TIME OF LATEST TRANSACTION
- control field: 20230606073048.0
008 - FIXED-LENGTH DATA ELEMENTS
- fixed length control field: 230606|| aca||aabn | a|a d
040 ## - CATALOGING SOURCE
- Original cataloging agency: JO-AjAnu
- Transcribing agency: JO-AjAnu
150 ## - HEADING--TOPICAL TERM
- Topical term or geographic name entry element: اعجاز القران - القران - اللغة العربية - البلاغة
670 ## - SOURCE DATA FOUND
- Source citation: Work cat.: (JO-AjAnu)8892: النجار، زغلول راغب محمد, author 17318, قضية الإعجاز العلمي في القران الكريم بين المؤيد والمعارض